Statistics for Computer Games

Click here to take the quiz!

General Stats

  • This quiz has been taken 109 times
    (73 since last reset)
  • The average score is 5 of 12

Answer Stats

Character NameSeries% Correct
WarioMario
84%
KnucklesSonic The Hedgehog
64%
MewPokemon
59%
TrevorGrand Theft Auto 5
54%
GhostCall Of Duty
42%
EllieThe Last of us
42%
Big SmokeGrand Theft Auto San Andreas
39%
KazooieBanjo Kazooie
38%
Chop Chop Master OnionParappa the rapper
16%
GatSaints Row
14%
ShaunFallout 4
4%
JesseMinecraft Story Mode
0%

Score Distribution

Percentile by Number Answered

Percent of People with Each Score

Your Score History

You have not taken this quiz since the last reset